[Event "DVM U20 2023"]
[Site "Magdeburg GER"]
[Date "2023.12.27"]
[Round "1"]
[White "Koll, Linus"]
[Black "Frank, Marek"]
[Result "1/2-1/2"]
[Termination "normal"]
[Board "4.3"]
[WhiteElo "2059"]
[BlackElo "1596"]
[WhiteClock "00:00:40"]
[BlackClock "00:02:02"]
[WhiteTeam "Karlsruher SF 1853"]
[BlackTeam "ESV Gera"]
[PlyCount "108"]
[WhiteFideId "12990299"]
[BlackFideId "16239520"]
[EventCountry "GER"]
[EventRounds "7"]
[EventType "team-swiss"]
[EventDate "2023.12.26"]

1. e4 {[%clk 01:30:58]} e5 {[%clk 01:30:55]} {[%emt 00:00:06]} 2. Nf3 {[%clk
01:31:25]} {[%emt 00:00:04]} Nc6 {[%clk 01:31:19]} {[%emt 00:00:04]} 3. Bc4
{[%clk 01:30:43]} {[%emt 00:01:11]} Bc5 {[%clk 01:31:14]} {[%emt 00:00:36]} 4.
O-O {[%clk 01:30:06]} {[%emt 00:01:06]} Nf6 {[%clk 01:30:57]} {[%emt 00:00:48]}
5. d3 {[%clk 01:30:04]} {[%emt 00:00:32]} d6 {[%clk 01:29:22]} {[%emt
00:02:04]} 6. Nc3 {[%clk 01:25:38]} h6 {[%clk 01:28:46]} {[%emt 00:06:03]} 7.
Na4 {[%clk 01:17:29]} Bb6 {[%clk 01:24:31]} {[%emt 00:13:23]} 8. Nxb6 {[%clk
01:14:09]} axb6 {[%clk 01:24:59]} {[%emt 00:03:54]} 9. c3 {[%clk 01:04:34]}
{[%emt 00:10:04]} O-O {[%clk 01:23:28]} {[%emt 00:02:01]} 10. Nd2 {[%clk
00:55:04]} {[%emt 00:09:59]} d5 {[%clk 01:10:22]} {[%emt 00:13:37]} 11. Bb3
{[%clk 00:55:06]} {[%emt 00:00:26]} dxe4 {[%clk 01:08:04]} {[%emt 00:02:48]}
12. dxe4 {[%clk 00:53:07]} {[%emt 00:02:30]} Qe7 {[%clk 01:04:04]} {[%emt
00:04:30]} 13. Qe2 {[%clk 00:42:37]} {[%emt 00:11:01]} Na5 {[%clk 00:54:22]}
{[%emt 00:10:11]} 14. Bc2 {[%clk 00:41:43]} {[%emt 00:01:25]} Be6 {[%clk
00:50:34]} {[%emt 00:04:18]} 15. b4 {[%clk 00:32:01]} {[%emt 00:10:12]} Nc6
{[%clk 00:50:26]} {[%emt 00:00:38]} 16. a4 {[%clk 00:31:43]} {[%emt 00:00:48]}
Rfd8 {[%clk 00:48:56]} {[%emt 00:01:59]} 17. Ba3 {[%clk 00:27:30]} {[%emt
00:04:45]} Qe8 {[%clk 00:48:15]} {[%emt 00:01:10]} 18. Nc4 {[%clk 00:25:56]}
{[%emt 00:02:04]} Nd7 {[%clk 00:36:08]} {[%emt 00:12:36]} 19. Ne3 {[%clk
00:23:23]} {[%emt 00:03:04]} Nf8 {[%clk 00:28:01]} {[%emt 00:08:37]} 20. Rfd1
{[%clk 00:14:48]} {[%emt 00:09:05]} Ne7 {[%clk 00:19:23]} {[%emt 00:09:07]} 21.
Nc4 {[%clk 00:10:08]} {[%emt 00:05:11]} Neg6 {[%clk 00:17:49]} {[%emt
00:02:03]} 22. Rxd8 {[%clk 00:05:10]} {[%emt 00:05:29]} Rxd8 {[%clk 00:17:06]}
{[%emt 00:01:13]} 23. Ne3 {[%clk 00:03:34]} {[%emt 00:02:06]} Qc6 {[%clk
00:14:03]} {[%emt 00:03:31]} 24. Qe1 {[%clk 00:03:37]} {[%emt 00:00:28]} Nf4
{[%clk 00:09:32]} {[%emt 00:05:01]} 25. b5 {[%clk 00:03:24]} {[%emt 00:00:44]}
Qe8 {[%clk 00:06:48]} {[%emt 00:03:14]} 26. Rd1 {[%clk 00:02:09]} {[%emt
00:01:45]} N8g6 {[%clk 00:05:26]} {[%emt 00:01:51]} 27. g3 {[%clk 00:01:54]}
{[%emt 00:00:46]} Nh3+ {[%clk 00:03:54]} {[%emt 00:02:02]} 28. Kg2 {[%clk
00:01:48]} {[%emt 00:00:35]} c6 {[%clk 00:01:47]} {[%emt 00:02:37]} 29. Nf5
{[%clk 00:01:43]} {[%emt 00:00:36]} Ng5 {[%clk 00:01:48]} {[%emt 00:00:29]} 30.
Rxd8 {[%clk 00:01:39]} {[%emt 00:00:34]} Qxd8 {[%clk 00:01:57]} {[%emt
00:00:20]} 31. h4 {[%clk 00:01:59]} {[%emt 00:00:10]} Nh7 {[%clk 00:01:52]}
{[%emt 00:00:36]} 32. h5 {[%clk 00:02:19]} {[%emt 00:00:11]} Ngf8 {[%clk
00:01:39]} {[%emt 00:00:41]} 33. Ne7+ {[%clk 00:02:39]} {[%emt 00:00:11]} Kh8
{[%clk 00:02:02]} {[%emt 00:00:07]} 34. bxc6 {[%clk 00:02:59]} {[%emt
00:00:09]} bxc6 {[%clk 00:02:20]} {[%emt 00:00:14]} 35. Nxc6 {[%clk 00:03:07]}
{[%emt 00:00:22]} Qc7 {[%clk 00:01:46]} {[%emt 00:01:03]} 36. Nb4 {[%clk
00:03:13]} {[%emt 00:00:26]} Bg4 {[%clk 00:01:02]} {[%emt 00:01:13]} 37. Qe3
{[%clk 00:02:47]} {[%emt 00:00:56]} Bxh5 {[%clk 00:00:59]} {[%emt 00:00:32]}
38. Nd5 {[%clk 00:03:11]} {[%emt 00:00:06]} Qc4 {[%clk 00:00:45]} {[%emt
00:00:44]} 39. Nxb6 {[%clk 00:01:48]} {[%emt 00:01:54]} Qa2 {[%clk 00:00:43]}
{[%emt 00:00:32]} 40. Bxf8 {[%clk 00:01:29]} {[%emt 00:00:50]} Nxf8 {[%clk
00:01:12]} 41. Bd3 {[%clk 00:00:53]} {[%emt 00:01:07]} Ne6 {[%clk 00:29:47]}
{[%emt 00:01:52]} 42. Bc4 {[%clk 00:25:19]} {[%emt 00:06:06]} Qa1 {[%clk
00:29:36]} {[%emt 00:00:41]} 43. Bxe6 {[%clk 00:23:45]} {[%emt 00:02:04]} fxe6
{[%clk 00:30:04]} {[%emt 00:00:02]} 44. Nc4 {[%clk 00:17:37]} {[%emt 00:06:38]}
Qxa4 {[%clk 00:27:58]} {[%emt 00:02:36]} 45. Nxe5 {[%clk 00:18:01]} {[%emt
00:00:06]} Qa5 {[%clk 00:25:55]} {[%emt 00:02:34]} 46. Qd4 {[%clk 00:17:49]}
{[%emt 00:00:42]} Qa1 {[%clk 00:24:56]} {[%emt 00:01:29]} 47. Qb4 {[%clk
00:13:15]} {[%emt 00:05:04]} Be2 {[%clk 00:22:58]} {[%emt 00:02:27]} 48. Qd4
{[%clk 00:07:56]} {[%emt 00:05:49]} Kh7 {[%clk 00:21:37]} {[%emt 00:01:50]} 49.
Qe3 {[%clk 00:06:38]} {[%emt 00:01:49]} Ba6 {[%clk 00:20:07]} {[%emt 00:02:01]}
50. Nf3 {[%clk 00:06:29]} {[%emt 00:00:39]} Qb1 {[%clk 00:12:54]} {[%emt
00:07:42]} 51. Nd4 {[%clk 00:05:05]} {[%emt 00:01:54]} Bd3 {[%clk 00:09:23]}
{[%emt 00:04:02]} 52. Nxe6 {[%clk 00:00:44]} {[%emt 00:04:50]} Bxe4+ {[%clk
00:08:19]} {[%emt 00:01:34]} 53. f3 {[%clk 00:00:48]} {[%emt 00:00:27]} Bd3
{[%clk 00:02:38]} {[%emt 00:06:11]} 54. Qe5 {[%clk 00:00:40]} {[%emt 00:00:39]}
Qc2+ {[%clk 00:02:02]} {[%emt 00:01:05]} 1/2-1/2

[Event "DVM U20 2023"]
[Site "Magdeburg GER"]
[Date "2023.12.27"]
[Round "1"]
[White "Barz, Henrik"]
[Black "Scheinmaier, Mark"]
[Result "0-1"]
[Termination "normal"]
[Board "4.4"]
[WhiteElo "1539"]
[BlackElo "1699"]
[WhiteClock "01:13:23"]
[BlackClock "00:11:28"]
[WhiteTeam "ESV Gera"]
[BlackTeam "Karlsruher SF 1853"]
[PlyCount "118"]
[WhiteFideId "34628320"]
[BlackFideId "16238958"]
[EventCountry "GER"]
[EventRounds "7"]
[EventType "team-swiss"]
[EventDate "2023.12.26"]

1. d4 {[%clk 01:30:57]} {[%emt 00:00:02]} Nf6 {[%clk 01:30:48]} {[%emt
00:00:14]} 2. c4 {[%clk 01:31:22]} {[%emt 00:00:05]} e6 {[%clk 01:30:58]}
{[%emt 00:00:19]} 3. g3 {[%clk 01:31:36]} {[%emt 00:00:16]} d5 {[%clk
01:30:08]} {[%emt 00:01:20]} 4. Bg2 {[%clk 01:31:49]} {[%emt 00:00:18]} Bb4+
{[%clk 01:26:30]} {[%emt 00:04:08]} 5. Bd2 {[%clk 01:32:10]} {[%emt 00:00:08]}
a5 {[%clk 01:25:48]} {[%emt 00:01:12]} 6. a3 {[%clk 01:30:15]} {[%emt
00:02:25]} Bxd2+ {[%clk 01:25:02]} {[%emt 00:01:16]} 7. Nxd2 {[%clk 01:30:37]}
{[%emt 00:00:08]} O-O {[%clk 01:23:32]} {[%emt 00:01:59]} 8. Ngf3 {[%clk
01:30:37]} {[%emt 00:00:30]} Re8 {[%clk 01:20:51]} {[%emt 00:03:11]} 9. O-O
{[%clk 01:30:41]} {[%emt 00:00:25]} Nbd7 {[%clk 01:13:17]} {[%emt 00:08:04]}
10. Qc2 {[%clk 01:24:06]} {[%emt 00:07:05]} c6 {[%clk 01:05:43]} {[%emt
00:08:05]} 11. Rad1 {[%clk 01:22:59]} {[%emt 00:01:37]} Qb6 {[%clk 01:00:11]}
{[%emt 00:06:02]} 12. a4 {[%clk 01:21:04]} {[%emt 00:02:25]} Qb4 {[%clk
00:51:17]} {[%emt 00:09:23]} 13. Rfe1 {[%clk 01:19:30]} {[%emt 00:02:05]} Nb6
{[%clk 00:34:43]} {[%emt 00:17:03]} 14. c5 {[%clk 01:19:11]} {[%emt 00:00:49]}
Nbd7 {[%clk 00:29:57]} {[%emt 00:05:18]} 15. e4 {[%clk 01:19:04]} {[%emt
00:00:37]} b6 {[%clk 00:28:56]} {[%emt 00:01:30]} 16. e5 {[%clk 01:11:38]}
{[%emt 00:07:56]} Ng4 {[%clk 00:28:36]} {[%emt 00:00:49]} 17. h3 {[%clk
01:11:20]} {[%emt 00:00:49]} Nh6 {[%clk 00:28:46]} {[%emt 00:00:21]} 18. cxb6
{[%clk 01:08:15]} {[%emt 00:03:36]} Qxb6 {[%clk 00:23:49]} {[%emt 00:05:25]}
19. Ng5 {[%clk 01:08:28]} {[%emt 00:00:17]} g6 {[%clk 00:23:30]} {[%emt
00:00:49]} 20. Ndf3 {[%clk 01:07:54]} {[%emt 00:01:05]} Ba6 {[%clk 00:22:30]}
{[%emt 00:01:29]} 21. Qd2 {[%clk 01:07:07]} {[%emt 00:01:17]} Kg7 {[%clk
00:21:20]} {[%emt 00:01:39]} 22. Nh2 {[%clk 01:04:44]} {[%emt 00:02:53]} Bc4
{[%clk 00:20:18]} {[%emt 00:01:32]} 23. Qf4 {[%clk 01:02:25]} {[%emt 00:02:51]}
Rf8 {[%clk 00:19:10]} {[%emt 00:01:37]} 24. Qh4 {[%clk 01:02:41]} {[%emt
00:00:15]} Rh8 {[%clk 00:17:53]} {[%emt 00:01:46]} 25. Nxe6+ {[%clk 01:01:04]}
{[%emt 00:02:07]} fxe6 {[%clk 00:17:43]} {[%emt 00:00:40]} 26. Qe7+ {[%clk
01:01:25]} {[%emt 00:00:09]} Nf7 {[%clk 00:17:56]} {[%emt 00:00:16]} 27. Qxe6
{[%clk 00:56:52]} {[%emt 00:05:04]} Rad8 {[%clk 00:16:29]} {[%emt 00:01:56]}
28. Qg4 {[%clk 00:56:51]} {[%emt 00:00:31]} Nh6 {[%clk 00:15:59]} {[%emt
00:01:00]} 29. Qg5 {[%clk 00:56:59]} {[%emt 00:00:24]} Rde8 {[%clk 00:14:03]}
{[%emt 00:02:25]} 30. e6 {[%clk 00:55:55]} {[%emt 00:01:35]} Nf6 {[%clk
00:13:09]} {[%emt 00:01:23]} 31. Ng4 {[%clk 00:55:45]} {[%emt 00:00:40]} Nhxg4
{[%clk 00:11:54]} {[%emt 00:01:46]} 32. hxg4 {[%clk 00:56:07]} {[%emt
00:00:08]} h6 {[%clk 00:11:29]} {[%emt 00:00:56]} 33. Qd2 {[%clk 00:56:13]}
{[%emt 00:00:23]} Re7 {[%clk 00:09:48]} {[%emt 00:02:12]} 34. g5 {[%clk
00:56:29]} {[%emt 00:00:13]} hxg5 {[%clk 00:09:32]} {[%emt 00:00:48]} 35. Qxg5
{[%clk 00:56:40]} {[%emt 00:00:17]} Rh5 {[%clk 00:09:13]} {[%emt 00:00:49]} 36.
Qc1 {[%clk 00:56:27]} {[%emt 00:00:42]} Qb8 {[%clk 00:07:48]} {[%emt 00:01:55]}
37. Bf3 {[%clk 00:56:37]} {[%emt 00:00:20]} Rh8 {[%clk 00:06:46]} {[%emt
00:01:33]} 38. Kg2 {[%clk 00:56:14]} {[%emt 00:00:53]} Bb3 {[%clk 00:05:47]}
{[%emt 00:01:29]} 39. Rd3 {[%clk 00:55:43]} {[%emt 00:01:01]} Bc4 {[%clk
00:04:10]} {[%emt 00:02:07]} 40. Rde3 {[%clk 00:55:37]} {[%emt 00:00:37]} Qd6
{[%clk 00:03:18]} {[%emt 00:01:21]} 41. Re5 {[%clk 00:55:29]} {[%emt 00:00:38]}
Bd3 {[%clk 00:01:48]} {[%emt 00:01:59]} 42. Qf4 {[%clk 00:55:17]} {[%emt
00:00:43]} Qd8 {[%clk 00:27:25]} {[%emt 00:04:52]} 43. g4 {[%clk 01:25:24]}
{[%emt 00:00:23]} Rh4 {[%clk 00:24:26]} {[%emt 00:03:29]} 44. Qg3 {[%clk
01:22:33]} {[%emt 00:03:22]} Qh8 {[%clk 00:23:42]} {[%emt 00:01:13]} 45. g5
{[%clk 01:22:48]} {[%emt 00:00:16]} Ne4 {[%clk 00:23:18]} {[%emt 00:00:54]} 46.
Bxe4 {[%clk 01:22:58]} {[%emt 00:00:20]} Bxe4+ {[%clk 00:23:35]} {[%emt
00:00:12]} 47. f3 {[%clk 01:23:24]} {[%emt 00:00:04]} Bf5 {[%clk 00:23:48]}
{[%emt 00:00:17]} 48. Rxf5 {[%clk 01:17:49]} {[%emt 00:06:06]} gxf5 {[%clk
00:23:15]} {[%emt 00:01:03]} 49. Qd6 {[%clk 01:18:16]} {[%emt 00:00:03]} Qf8
{[%clk 00:22:17]} {[%emt 00:01:28]} 50. Kg3 {[%clk 01:17:58]} {[%emt 00:00:48]}
Rh5 {[%clk 00:21:32]} {[%emt 00:01:14]} 51. f4 {[%clk 01:18:08]} {[%emt
00:00:20]} Rh7 {[%clk 00:20:11]} {[%emt 00:01:52]} 52. Qxc6 {[%clk 01:17:08]}
{[%emt 00:01:31]} Qh8 {[%clk 00:11:55]} {[%emt 00:08:45]} 53. Qxd5 {[%clk
01:17:04]} {[%emt 00:00:33]} Rh3+ {[%clk 00:12:15]} {[%emt 00:00:11]} 54. Kg2
{[%clk 01:17:30]} {[%emt 00:00:04]} Kg6 {[%clk 00:12:26]} {[%emt 00:00:19]} 55.
Kf1 {[%clk 01:13:12]} {[%emt 00:04:48]} Qh4 {[%clk 00:10:33]} {[%emt 00:02:23]}
56. Qe5 {[%clk 01:12:42]} {[%emt 00:01:00]} Rh1+ {[%clk 00:10:36]} {[%emt
00:00:27]} 57. Kg2 {[%clk 01:12:59]} {[%emt 00:00:13]} Qh3+ {[%clk 00:10:45]}
{[%emt 00:00:21]} 58. Kf2 {[%clk 01:13:12]} {[%emt 00:00:17]} Rh2+ {[%clk
00:11:07]} {[%emt 00:00:07]} 59. Kg1 {[%clk 01:13:23]} {[%emt 00:00:19]} Qg2#
{[%clk 00:11:28]} {[%emt 00:00:08]} 0-1

[Event "DVM U20 2023"]
[Site "Magdeburg GER"]
[Date "2023.12.27"]
[Round "1"]
[White "Haug, Mara"]
[Black "Hanmuradov, Ülwi"]
[Result "1-0"]
[Termination "normal"]
[Board "4.5"]
[WhiteElo "1691"]
[BlackElo "1867"]
[WhiteClock "00:12:29"]
[BlackClock "00:14:56"]
[WhiteTeam "Karlsruher SF 1853"]
[BlackTeam "ESV Gera"]
[PlyCount "115"]
[WhiteFideId "16259300"]
[BlackFideId "34658840"]
[EventCountry "GER"]
[EventRounds "7"]
[EventType "team-swiss"]
[EventDate "2023.12.26"]

1. e4 {[%clk 01:30:57]} {[%emt 00:00:03]} c5 {[%clk 01:30:51]} {[%emt
00:00:09]} 2. Nf3 {[%clk 01:31:21]} {[%emt 00:00:05]} Nc6 {[%clk 01:31:17]}
{[%emt 00:00:04]} 3. d4 {[%clk 01:31:41]} {[%emt 00:00:11]} cxd4 {[%clk
01:31:43]} {[%emt 00:00:04]} 4. Nxd4 {[%clk 01:32:02]} {[%emt 00:00:09]} Nf6
{[%clk 01:32:09]} {[%emt 00:00:05]} 5. Nc3 {[%clk 01:32:20]} {[%emt 00:00:11]}
e5 {[%clk 01:32:35]} {[%emt 00:00:05]} 6. Ndb5 {[%clk 01:32:32]} {[%emt
00:00:18]} d6 {[%clk 01:32:59]} {[%emt 00:00:05]} 7. Bg5 {[%clk 01:32:36]}
{[%emt 00:00:26]} a6 {[%clk 01:32:49]} {[%emt 00:00:40]} 8. Na3 {[%clk
01:33:03]} {[%emt 00:00:04]} b5 {[%clk 01:33:16]} {[%emt 00:00:03]} 9. Bxf6
{[%clk 01:32:33]} {[%emt 00:01:00]} gxf6 {[%clk 01:31:51]} {[%emt 00:01:56]}
10. Nd5 {[%clk 01:32:32]} {[%emt 00:00:29]} f5 {[%clk 01:28:30]} {[%emt
00:03:52]} 11. Bd3 {[%clk 01:27:54]} {[%emt 00:05:07]} f4 {[%clk 01:21:44]}
{[%emt 00:07:17]} 12. c3 {[%clk 01:17:12]} {[%emt 00:11:12]} Bg7 {[%clk
01:16:53]} {[%emt 00:05:22]} 13. Nc2 {[%clk 01:06:30]} {[%emt 00:11:09]} O-O
{[%clk 01:12:59]} {[%emt 00:04:26]} 14. g3 {[%clk 00:54:28]} {[%emt 00:12:32]}
f5 {[%clk 00:48:32]} {[%emt 00:24:57]} 15. Qh5 {[%clk 00:45:57]} {[%emt
00:09:00]} Be6 {[%clk 00:39:07]} {[%emt 00:09:56]} 16. Ndb4 {[%clk 00:31:55]}
{[%emt 00:14:32]} Nxb4 {[%clk 00:33:06]} {[%emt 00:06:31]} 17. Nxb4 {[%clk
00:31:18]} {[%emt 00:01:07]} Qf6 {[%clk 00:29:47]} {[%emt 00:03:49]} 18. exf5
{[%clk 00:21:22]} {[%emt 00:10:26]} Bf7 {[%clk 00:23:32]} {[%emt 00:06:45]} 19.
Qf3 {[%clk 00:19:12]} {[%emt 00:02:40]} Rfe8 {[%clk 00:19:10]} {[%emt
00:04:53]} 20. Be4 {[%clk 00:17:04]} {[%emt 00:02:37]} Rad8 {[%clk 00:16:12]}
{[%emt 00:03:28]} 21. O-O {[%clk 00:15:32]} {[%emt 00:02:02]} a5 {[%clk
00:13:51]} {[%emt 00:02:51]} 22. Nd5 {[%clk 00:15:37]} {[%emt 00:00:25]} Qg5
{[%clk 00:12:29]} {[%emt 00:01:54]} 23. Qg2 {[%clk 00:12:28]} {[%emt 00:03:36]}
fxg3 {[%clk 00:10:33]} {[%emt 00:02:27]} 24. Qxg3 {[%clk 00:11:24]} {[%emt
00:01:34]} Qxg3+ {[%clk 00:09:02]} {[%emt 00:02:02]} 25. fxg3 {[%clk 00:11:51]}
{[%emt 00:00:03]} Rc8 {[%clk 00:06:59]} {[%emt 00:02:33]} 26. Rad1 {[%clk
00:11:31]} {[%emt 00:00:49]} Rc4 {[%clk 00:06:28]} {[%emt 00:01:02]} 27. Rfe1
{[%clk 00:10:49]} {[%emt 00:01:11]} Rd8 {[%clk 00:03:58]} {[%emt 00:03:00]} 28.
Nb6 {[%clk 00:10:05]} {[%emt 00:01:13]} Rc7 {[%clk 00:04:05]} {[%emt 00:00:25]}
29. Bd5 {[%clk 00:09:55]} {[%emt 00:00:39]} Re7 {[%clk 00:02:47]} {[%emt
00:01:48]} 30. Bxf7+ {[%clk 00:09:20]} {[%emt 00:01:05]} Kxf7 {[%clk 00:03:07]}
{[%emt 00:00:11]} 31. Nd5 {[%clk 00:09:13]} {[%emt 00:00:36]} Rb7 {[%clk
00:03:09]} {[%emt 00:00:28]} 32. Re4 {[%clk 00:08:54]} {[%emt 00:00:48]} Rbd7
{[%clk 00:02:37]} {[%emt 00:01:03]} 33. Kf2 {[%clk 00:08:00]} {[%emt 00:01:23]}
Bh6 {[%clk 00:02:16]} {[%emt 00:00:52]} 34. h4 {[%clk 00:06:46]} {[%emt
00:01:44]} Rg8 {[%clk 00:01:22]} {[%emt 00:01:24]} 35. g4 {[%clk 00:05:56]}
{[%emt 00:01:19]} Bf8 {[%clk 00:01:44]} {[%emt 00:00:10]} 36. g5 {[%clk
00:05:59]} {[%emt 00:00:27]} Be7 {[%clk 00:01:47]} {[%emt 00:00:27]} 37. Rg1
{[%clk 00:05:01]} {[%emt 00:01:27]} Bd8 {[%clk 00:01:03]} {[%emt 00:01:15]} 38.
Reg4 {[%clk 00:04:03]} {[%emt 00:01:26]} Rb7 {[%clk 00:01:15]} {[%emt
00:00:20]} 39. Kf3 {[%clk 00:03:50]} {[%emt 00:00:42]} Bb6 {[%clk 00:00:43]}
{[%emt 00:01:04]} 40. Nxb6 {[%clk 00:03:13]} {[%emt 00:01:07]} Rxb6 {[%clk
00:01:09]} {[%emt 00:00:05]} 41. g6+ {[%clk 00:02:48]} {[%emt 00:00:54]} hxg6
{[%clk 00:01:32]} {[%emt 00:00:07]} 42. fxg6+ {[%clk 00:03:03]} {[%emt
00:00:15]} Kg7 {[%clk 00:01:47]} {[%emt 00:00:15]} 43. Ke4 {[%clk 00:01:24]}
{[%emt 00:02:06]} b4 {[%clk 00:02:05]} {[%emt 00:00:16]} 44. c4 {[%clk
00:01:05]} {[%emt 00:00:49]} Rf8 {[%clk 00:28:08]} {[%emt 00:04:28]} 45. h5
{[%clk 00:29:22]} {[%emt 00:02:12]} Kh6 {[%clk 00:23:16]} {[%emt 00:05:22]} 46.
g7 {[%clk 00:26:28]} {[%emt 00:03:23]} Rg8 {[%clk 00:23:40]} {[%emt 00:00:07]}
47. Rg6+ {[%clk 00:26:25]} {[%emt 00:00:31]} Kh7 {[%clk 00:23:20]} {[%emt
00:00:51]} 48. Kd5 {[%clk 00:26:17]} {[%emt 00:00:38]} Rb7 {[%clk 00:21:55]}
{[%emt 00:01:57]} 49. Kxd6 {[%clk 00:23:44]} {[%emt 00:03:01]} e4 {[%clk
00:21:18]} {[%emt 00:01:07]} 50. c5 {[%clk 00:23:32]} {[%emt 00:00:41]} Rbxg7
{[%clk 00:20:18]} {[%emt 00:01:31]} 51. Rxg7+ {[%clk 00:18:13]} {[%emt
00:05:49]} Rxg7 {[%clk 00:20:37]} {[%emt 00:00:12]} 52. Rxg7+ {[%clk 00:17:04]}
{[%emt 00:01:39]} Kxg7 {[%clk 00:21:02]} {[%emt 00:00:05]} 53. c6 {[%clk
00:15:48]} {[%emt 00:01:47]} e3 {[%clk 00:21:15]} {[%emt 00:00:16]} 54. c7
{[%clk 00:16:13]} {[%emt 00:00:05]} e2 {[%clk 00:21:41]} {[%emt 00:00:04]} 55.
c8=Q {[%clk 00:16:37]} {[%emt 00:00:06]} e1=Q {[%clk 00:22:01]} {[%emt
00:00:10]} 56. h6+ {[%clk 00:13:25]} {[%emt 00:03:41]} Kf6 {[%clk 00:15:26]}
{[%emt 00:07:06]} 57. Qf8 {[%clk 00:12:42]} {[%emt 00:01:11]} Kg5 {[%clk
00:14:56]} {[%emt 00:01:01]} 58. Qe7+ {[%clk 00:12:29]} {[%emt 00:00:44]} 1-0